Pasta or Impasta - Statistics

General Stats
  • This quiz has been taken 45 times
  • The average score is 11 of 15
Answer Stats
Question Answer % Correct
Fumiasciata Impasta
100%
Cavatappi Pasta
100%
Cascatelli Pasta
100%
Capellini Pasta
100%
Penne Pasta
100%
Scapiachetti Impasta
80%
Fetaceli Impasta
80%
Fettecholi Impasta
80%
Bucatini Pasta
80%
Ruscelli Impasta
60%
Fuscelli Impasta
60%
Radiatori Pasta
60%
Pellatini Impasta
40%
Passatelli Pasta
40%
Filindeu Pasta
20%
No matching quizzes found
Score Distribution
Percent of People with Each Score
Percentile by Number Answered
Your Score History
You have not taken this quiz